Normal view
MARC view
- الصلاة على النبي صلى الله عليه وسلم- الادعية والاوراد- الاخلاق الاسلامية
Entry Topical Term
001 - CONTROL NUMBER
- control field: 56482
003 - CONTROL NUMBER IDENTIFIER
- control field: JO-AjAnu
005 - DATE AND TIME OF LATEST TRANSACTION
- control field: 20230606083245.0
008 - FIXED-LENGTH DATA ELEMENTS
- fixed length control field: 230606|| aca||aabn | a|a d
040 ## - CATALOGING SOURCE
- Original cataloging agency: JO-AjAnu
- Transcribing agency: JO-AjAnu
150 ## - HEADING--TOPICAL TERM
- Topical term or geographic name entry element: الصلاة على النبي صلى الله عليه وسلم- الادعية والاوراد- الاخلاق الاسلامية
670 ## - SOURCE DATA FOUND
- Source citation: Work cat.: (JO-AjAnu)28821: النبهاني، يوسف بن إسماعيل ؛ ضبط وتصحيح ومراجعة عبد الوارث محمد علي, author 56481, سعادة الدارين في الصلاة على سيد الكونين صلى الله عليه وسلم ومعه السابقات الجياد في مدح سيد العباد